[Event "38th Olympiad w"]
[Site "Dresden GER"]
[Date "2008.11.16"]
[Round "4"]
[White "Hou Yifan"]
[Black "Danielian,E"]
[Result "1-0"]
[WhiteElo "2578"]
[BlackElo "2513"]
[EventDate "2008.11.13"]

1. e4 e6 2. d4 d5 3. Nc3 Nf6 4. Bg5 Be7 5. e5 Nfd7 6. h4 c5 7. Bxe7 Kxe7 8.
f4 Nc6 9. dxc5 Nxc5 10. Qd2 d4 11. Nd1 Qd5 12. Nf2 Rd8 13. Nf3 b6 14. Bd3
f5 15. exf6+ gxf6 16. Qe2 Nxd3+ 17. Qxd3 f5 18. O-O Rg8 19. c4 Qd6 20. Nh3
Bd7 21. Rae1 Raf8 22. a3 h6 23. b4 Rg3 24. Rf2 Rfg8 25. Kf1 a6 26. Nhg1 b5
27. Ne2 bxc4 28. Nxg3 Rxg3 29. Qxc4 Qxf4 30. Ne5 Qxh4 31. Nxc6+ Bxc6 32.
Qxe6+ Kd8 33. Qd6+ Bd7 34. Qb8+ Bc8 35. Qb6+ Kd7 36. Qe6+ Kd8 37. Qe8+ Kc7
38. Rc2+ Rc3 39. Rxc3+ dxc3 40. Qe7+ Qxe7 41. Rxe7+ Kb6 42. Re3 a5 43.
bxa5+ Kxa5 44. Rxc3 Bd7 45. Kf2 Ka4 46. Ke3 Be6 47. Kf4 h5 48. g3 1-0

[Event "38th Olympiad w"]
[Site "Dresden GER"]
[Date "2008.11.16"]
[Round "4"]
[White "Mkrtchian,L"]
[Black "Zhao Xue"]
[Result "1/2-1/2"]
[WhiteElo "2443"]
[BlackElo "2518"]
[EventDate "2008.11.13"]

1. c4 Nf6 2. Nc3 e5 3. Nf3 Nc6 4. g3 d5 5. cxd5 Nxd5 6. Bg2 Nb6 7. O-O Be6
8. d3 Be7 9. a3 a5 10. Na4 Nxa4 11. Qxa4 O-O 12. Be3 Bf6 13. Nd2 Nd4 14.
Bxd4 Qxd4 15. Qxd4 exd4 16. Bxb7 Rab8 17. Bf3 Rxb2 18. Ne4 Be7 19. Rfc1 Rc8
20. Nc5 Bg5 21. Rcb1 Rcb8 22. Rxb2 Rxb2 23. Nxe6 fxe6 24. a4 Kf7 25. Kf1
Bd2 26. Bc6 Bc3 27. Ra3 Ke7 28. Bb5 Rxb5 29. axb5 Kd6 30. Ra4 Kc5 31. Rc4+
Kxb5 32. Rxc7 a4 33. Rb7+ Ka6 34. Rb8 Ka5 35. Ra8+ Kb4 36. Rb8+ Ka3 37. Rb7
h5 38. Rxg7 Kb3 39. Ra7 a3 40. h4 a2 41. Kg2 Bb4 42. Rxa2 Kxa2 43. Kf3 Be1
44. e3 dxe3 45. fxe3 Kb3 46. Kf4 Kc3 47. Ke5 Kxd3 48. Kxe6 Bxg3 49. Kf5
Bxh4 50. Kg6 Kxe3 51. Kxh5 1/2-1/2

[Event "38th Olympiad w"]
[Site "Dresden GER"]
[Date "2008.11.16"]
[Round "4"]
[White "Ryvova,A"]
[Black "Cosma,E"]
[Result "0-1"]
[WhiteElo "2009"]
[BlackElo "2340"]
[EventDate "2008.11.13"]

1. e4 e6 2. d4 d5 3. exd5 exd5 4. Bf4 Bd6 5. Bxd6 Qxd6 6. c3 Nf6 7. Bd3 O-O
8. Ne2 Bg4 9. f3 Bd7 10. O-O Re8 11. Na3 a6 12. Qd2 Nc6 13. Rae1 Ne7 14.
Ng3 Ng6 15. Rxe8+ Rxe8 16. Re1 Rxe1+ 17. Qxe1 Qb6 18. Qd2 Ne7 19. Qf2 Kf8
20. Kf1 h5 21. h4 Qd6 22. Ne2 Bf5 23. Bxf5 Nxf5 24. g3 Ng8 25. Nf4 Nf6 26.
Ne2 Ng8 27. Nf4 Nxh4 28. Nxh5 Nf5 29. Nf4 Nge7 30. Kg2 Nh4+ 31. Kf1 g5 32.
Ne2 Nhf5 33. g4 Ng7 34. Qe3 Ne6 35. Nc2 Qh2 36. Qg1 Qh7 37. Na3 Qd3 38. Kf2
Ng6 39. Qc1 Ngf4 40. Ng3 Nh3+ 41. Kg2 Nef4+ 42. Kh2 Qxf3 43. Qf1 Nf2 0-1

[Event "38th Olympiad w"]
[Site "Dresden GER"]
[Date "2008.11.16"]
[Round "4"]
[White "Schuurman,P"]
[Black "Tilenbaeva,J"]
[Result "1/2-1/2"]
[WhiteElo "2324"]
[BlackElo "2037"]
[EventDate "2008.11.13"]

1. d4 d5 2. c4 e6 3. Nf3 Nf6 4. Nc3 Nbd7 5. cxd5 exd5 6. Bg5 c6 7. e3 Qa5
8. Qc2 Ne4 9. Bf4 Bb4 10. Rc1 Qxa2 11. Bd3 Bxc3+ 12. bxc3 Qxc2 13. Rxc2
Ndf6 14. h3 O-O 15. Ke2 Re8 16. Ne5 Nh5 17. Bxe4 Nxf4+ 18. exf4 dxe4 19.
Rb2 Re7 20. Rhb1 f6 21. Nc4 Be6 22. Ne3 b5 23. f5 Bf7 24. c4 bxc4 25. Kd2
Rd8 26. Kc3 Red7 27. Rd1 g6 28. Rbd2 Rb7 29. Nxc4 Rdb8 30. Na5 Rb5 31. fxg6
hxg6 32. Ra1 R8b6 33. Rdd1 Rb2 34. Rd2 R2b5 35. Rdd1 Bd5 36. Ra3 f5 37. Nc4
Bxc4 38. Kxc4 Rb2 39. f3 R6b5 40. fxe4 fxe4 41. Re1 a5 42. Rxe4 Rxg2 43.
Rc3 Rgg5 44. Rf3 Rb4+ 45. Kc3 Rb7 46. Re6 a4 47. Kc4 Rb1 48. Rxc6 Rc1+ 49.
Rc3 Rxc3+ 50. Kxc3 a3 51. Ra6 Rg3+ 52. Kc4 g5 53. Kd5 Kf7 54. Ke5 Rxh3 55.
Kf5 Rg3 56. Ra7+ Ke8 57. d5 Kd8 58. d6 Kc8 59. d7+ Kd8 60. Ke6 Re3+ 61. Kd6
Rd3+ 62. Ke6 Re3+ 63. Kd6 Rd3+ 64. Ke6 Re3+ 65. Kd6 Rd3+ 66. Ke5 1/2-1/2

[Event "38th Olympiad w"]
[Site "Dresden GER"]
[Date "2008.11.16"]
[Round "4"]
[White "Le Thanh Tu"]
[Black "Sanchez Castillo,S"]
[Result "1-0"]
[WhiteElo "2324"]
[BlackElo "2206"]
[EventDate "2008.11.13"]

1. d4 d5 2. c4 c6 3. Nf3 Nf6 4. Nc3 dxc4 5. a4 Bf5 6. Ne5 e6 7. g3 Nbd7 8.
Nxc4 Bb4 9. Bg2 O-O 10. O-O Bg6 11. Qb3 a5 12. Na2 Qe7 13. Nxb4 Qxb4 14.
Qxb4 axb4 15. Bd2 b3 16. Ra3 Ra7 17. a5 Bc2 18. Ne3 e5 19. dxe5 Nxe5 20.
Bc3 Re8 21. Rc1 Be4 22. Rxb3 Bxg2 23. Kxg2 c5 24. Rd1 h5 25. Rb5 Ne4 26.
Bxe5 Rxe5 27. Rd8+ Kh7 28. Rd7 Ra6 29. Rbxb7 h4 30. Rxf7 h3+ 31. Kg1 Rxa5
32. Rxg7+ 1-0

[Event "38th Olympiad w"]
[Site "Dresden GER"]
[Date "2008.11.16"]
[Round "4"]
[White "Le Kieu Thien Kim"]
[Black "Hernandez,Z"]
[Result "1-0"]
[WhiteElo "2291"]
[BlackElo "2039"]
[EventDate "2008.11.13"]

1. d4 d5 2. Nf3 Nf6 3. c4 c6 4. Nc3 a6 5. cxd5 cxd5 6. Bf4 e6 7. e3 Be7 8.
h3 Nc6 9. Bd3 O-O 10. Rc1 Bd7 11. O-O Rc8 12. Bb1 b5 13. Qd3 Na5 14. Ne5
Nc4 15. Nxd7 Qxd7 16. Qe2 b4 17. Nd1 Rc6 18. f3 Rfc8 19. Nf2 Nh5 20. Bh2
Bd6 21. Nd3 Qc7 22. f4 Nf6 23. Rcd1 Qb6 24. Ne5 R6c7 25. Bd3 a5 26. b3 Na3
27. f5 Ne4 28. Bxe4 dxe4 29. f6 g6 30. Qg4 Nb5 31. Qh4 Qa7 32. Nc4 Bxh2+
33. Kxh2 Rxc4 34. Qh6 1-0

[Event "38th Olympiad w"]
[Site "Dresden GER"]
[Date "2008.11.16"]
[Round "4"]
[White "Boric,E"]
[Black "Klinova,M"]
[Result "0-1"]
[WhiteElo "2292"]
[BlackElo "2327"]
[EventDate "2008.11.13"]

1. e4 d6 2. d4 Nf6 3. Nc3 g6 4. Bg5 Bg7 5. Qd2 c6 6. O-O-O h6 7. Bf4 b5 8.
f3 b4 9. Nb1 a5 10. g4 Be6 11. c4 bxc3 12. Nxc3 Na6 13. Bxa6 Rxa6 14. h4 a4
15. d5 Bd7 16. Nge2 a3 17. b3 cxd5 18. exd5 Qc8 19. Kb1 h5 20. Nd4 hxg4 21.
Rc1 Qb7 22. fxg4 Nxd5 23. h5 Nxc3+ 24. Qxc3 Qe4+ 25. Qc2 0-1

[Event "38th Olympiad w"]
[Site "Dresden GER"]
[Date "2008.11.16"]
[Round "4"]
[White "Borsuk,A"]
[Black "Dengler,D"]
[Result "0-1"]
[WhiteElo "2398"]
[BlackElo "2099"]
[EventDate "2008.11.13"]

1. d4 d5 2. c4 c6 3. e3 Nf6 4. Nf3 a6 5. a4 e6 6. Nbd2 Be7 7. Bd3 a5 8. e4
dxe4 9. Nxe4 Na6 10. O-O Nb4 11. Nxf6+ Bxf6 12. Bb1 O-O 13. Ra3 g6 14. Bh6
Re8 15. Qc1 b5 16. Rd1 bxc4 17. Ne5 Ra7 18. Rf3 Ba6 19. Ng4 Be7 20. Qf4 f5
21. Qe5 Bd6 22. Nf6+ Kf7 23. Qe3 Qxf6 24. Bg5 Qg7 25. d5 Kg8 26. dxc6 Nd3
27. Bh6 Qf7 28. b3 Bc5 29. Qe2 e5 30. bxc4 e4 31. Rfxd3 exd3 32. Qxd3 Rae7
33. h4 Qxc4 34. Qf3 Re1+ 0-1

[Event "38th Olympiad w"]
[Site "Dresden GER"]
[Date "2008.11.16"]
[Round "4"]
[White "Efroimski,M"]
[Black "Malokas,N"]
[Result "1-0"]
[WhiteElo "2091"]
[BlackElo "1912"]
[EventDate "2008.11.13"]

1. e4 c5 2. Nf3 Nc6 3. d4 cxd4 4. Nxd4 Nf6 5. Nc3 e5 6. Ndb5 d6 7. Bg5 a6
8. Na3 b5 9. Nd5 Be7 10. Bxf6 Bxf6 11. c3 Bg5 12. Nc2 O-O 13. a4 bxa4 14.
Rxa4 a5 15. Bc4 Rb8 16. Ra2 Kh8 17. Nce3 Bxe3 18. Nxe3 f5 19. exf5 Bxf5 20.
O-O Bg6 21. b3 Ne7 22. Rd2 Rb6 23. Qa1 Rc6 24. Bb5 Rc5 25. c4 Be4 26. Rfd1
Rf6 27. Qa3 h6 28. Qxc5 Nd5 29. Rxd5 Qf8 30. Rxd6 1-0

[Event "38th Olympiad w"]
[Site "Dresden GER"]
[Date "2008.11.16"]
[Round "4"]
[White "Muzychuk,A"]
[Black "Mencos,C"]
[Result "1-0"]
[WhiteElo "2508"]
[BlackElo "1914"]
[EventDate "2008.11.13"]

1. e4 e5 2. Nf3 Nf6 3. d4 Nxe4 4. Bd3 d5 5. Nxe5 Be7 6. O-O O-O 7. c4 Nf6
8. Nc3 Nbd7 9. Bg5 dxc4 10. Bxc4 Nb6 11. Bb3 c6 12. Re1 Nfd5 13. Nxd5 Bxg5
14. Nxb6 axb6 15. Nxf7 Rxf7 16. Qh5 g6 17. Bxf7+ Kg7 18. Qf3 Qf6 19. Qxf6+
Bxf6 20. Be6 Bxe6 21. Rxe6 Bxd4 22. Re7+ Kh6 23. Re2 c5 24. a3 b5 25. Rd1
b6 26. g3 Rf8 27. Kg2 Rf6 28. Rdd2 g5 29. Re4 Rd6 30. Rde2 Kg7 31. Re7+ Kg8
32. Rb7 Kf8 33. Rxh7 c4 34. h4 gxh4 35. Rxh4 Bc5 36. a4 bxa4 37. Rxc4 a3
38. bxa3 Bxa3 39. Rf4+ Kg7 40. Re5 Rg6 41. Ref5 Bc5 42. Kf3 Kh7 43. Rh4+
Kg7 44. Rhf4 Kh7 45. Rg4 Kg7 46. Rxg6+ Kxg6 47. Rxc5 bxc5 48. Ke4 c4 1-0

[Event "38th Olympiad w"]
[Site "Dresden GER"]
[Date "2008.11.16"]
[Round "4"]
[White "Repkova,E"]
[Black "Berend,E"]
[Result "1/2-1/2"]
[WhiteElo "2400"]
[BlackElo "2328"]
[EventDate "2008.11.13"]

1. e4 c5 2. Nf3 e6 3. b3 a6 4. Bb2 Nc6 5. Nc3 e5 6. Bc4 d6 7. a4 Be7 8. O-O
Nf6 9. Ng5 O-O 10. f4 exf4 11. Rxf4 Ne5 12. Rf1 Nfg4 13. Nf3 Bf6 14. Kh1
Nxc4 15. bxc4 Be6 16. Qe2 Re8 17. Rab1 Rb8 18. Qd3 Qd7 19. Ba1 Ne5 20. Nxe5
Bxe5 21. a5 Qd8 22. Nd5 Bxa1 23. Rxa1 Bxd5 24. Qxd5 Qc7 25. Rf5 Re7 26.
Raf1 Rf8 27. Rb1 Rb8 28. Rbf1 Rf8 29. Rb1 Rb8 30. Rbf1 Rf8 1/2-1/2

[Event "38th Olympiad w"]
[Site "Dresden GER"]
[Date "2008.11.16"]
[Round "4"]
[White "Pokorna,Reg"]
[Black "Steil Antoni,F"]
[Result "1-0"]
[WhiteElo "2376"]
[BlackElo "2166"]
[EventDate "2008.11.13"]

1. e4 e5 2. Nf3 Nc6 3. d4 exd4 4. Nxd4 Bc5 5. Be3 Qf6 6. c3 Nge7 7. Bc4 Ne5
8. Be2 Qg6 9. O-O d6 10. Kh1 Bg4 11. f3 Bd7 12. Qd2 N5c6 13. Nb5 O-O-O 14.
Bxc5 dxc5 15. Qf4 Kb8 16. Nxc7 b6 17. Ne6+ Ka8 18. Nxd8 Nxd8 19. Rd1 1-0

[Event "38th Olympiad w"]
[Site "Dresden GER"]
[Date "2008.11.16"]
[Round "4"]
[White "Bakalarz,G"]
[Black "Gregorova,Z"]
[Result "1/2-1/2"]
[WhiteElo "2001"]
[BlackElo "2163"]
[EventDate "2008.11.13"]

1. d4 Nf6 2. Bf4 d6 3. e3 Nbd7 4. Nf3 Nh5 5. Bg5 h6 6. Bh4 g5 7. Nfd2 Ndf6
8. Be2 Ng7 9. Bg3 Nf5 10. c4 Bg7 11. Nc3 Nxg3 12. hxg3 c6 13. Qb3 Qc7 14.
Rc1 e5 15. d5 O-O 16. O-O Nd7 17. dxc6 bxc6 18. Nde4 Rb8 19. Qa3 Rd8 20.
Qxd6 Qxd6 21. Nxd6 Rxb2 22. Nxc8 Rxc8 23. Bg4 Rc7 24. Rfd1 Nf6 25. Rd8+ Bf8
26. Bf5 Kg7 27. Rc2 Rb4 28. Ne4 Be7 29. Rd1 Nxe4 30. Bxe4 Kf6 1/2-1/2

[Event "38th Olympiad w"]
[Site "Dresden GER"]
[Date "2008.11.16"]
[Round "4"]
[White "Rohonyan,K"]
[Black "Bulmaga,I"]
[Result "1/2-1/2"]
[WhiteElo "2334"]
[BlackElo "2287"]
[EventDate "2008.11.13"]

1. e4 c5 2. Nf3 d6 3. d4 cxd4 4. Nxd4 Nf6 5. Nc3 Bd7 6. Be2 a6 7. O-O e6 8.
a4 Be7 9. f4 O-O 10. Be3 Nc6 11. Kh1 Nb4 12. Bf3 Qc7 13. Qd2 Rac8 14. Rad1
g6 15. Qf2 e5 16. Nb3 Be6 17. f5 Bc4 18. Rfe1 Rfe8 19. Bg5 Ng4 20. Bxg4
Bxg5 21. fxg6 hxg6 22. Bxc8 Rxc8 23. Nd2 Be6 24. Nf3 Be7 25. Rd2 Qc5 26.
Qxc5 Rxc5 27. Red1 Kg7 28. h3 f5 29. Ne1 Rc4 30. Rxd6 Bxd6 31. Rxd6 Bc8 32.
Nd3 Rd4 33. Rxd4 exd4 34. Ne2 Nxc2 35. e5 Be6 36. h4 Bc4 37. Nef4 a5 38.
Kg1 Bxd3 39. Nxd3 Nb4 40. Nf4 Nc6 41. e6 Kf6 42. Kf2 g5 43. hxg5+ Kxg5 44.
Nd5 Kg6 45. Ke2 Ne5 46. b3 1/2-1/2

[Event "38th Olympiad w"]
[Site "Dresden GER"]
[Date "2008.11.16"]
[Round "4"]
[White "Heredia Serrano,C"]
[Black "Piarnpuu,L"]
[Result "1/2-1/2"]
[WhiteElo "2105"]
[BlackElo "2145"]
[EventDate "2008.11.13"]

1. e4 e6 2. d4 d5 3. Nd2 c5 4. exd5 Qxd5 5. Ngf3 cxd4 6. Bc4 Qd6 7. O-O Nf6
8. Nb3 Nc6 9. Nbxd4 Nxd4 10. Nxd4 Bd7 11. c3 Qc7 12. Qe2 a6 13. Re1 Bd6 14.
Bg5 O-O-O 15. h3 h6 16. Be3 g5 17. b4 Bh2+ 18. Kh1 Bf4 19. Bxf4 Qxf4 20.
Bxa6 bxa6 21. Qxa6+ Kb8 22. Qb6+ Kc8 23. Qa6+ Kb8 24. Qb6+ Kc8 25. Qa6+ Kb8
26. Qb6+ Kc8 27. Qa6+ Kb8 28. b5 Ne4 1/2-1/2

[Event "38th Olympiad w"]
[Site "Dresden GER"]
[Date "2008.11.16"]
[Round "4"]
[White "Kazimova,N"]
[Black "Klek,H"]
[Result "1-0"]
[WhiteElo "2171"]
[BlackElo "2004"]
[EventDate "2008.11.13"]

1. c4 e5 2. Nc3 Nc6 3. Nf3 f5 4. d4 e4 5. Ng5 Bb4 6. a3 Bxc3+ 7. bxc3 Nf6
8. e3 d6 9. Be2 O-O 10. O-O Qe8 11. Nh3 b6 12. Nf4 Na5 13. Qc2 Ba6 14. Qa2
Qf7 15. d5 Nd7 16. Ne6 Rfc8 17. f3 Qg6 18. fxe4 fxe4 19. Nf4 Qe8 20. Ne6
Qg6 21. Nf4 Qe8 22. Ne6 Nf6 23. a4 c6 24. Ba3 cxd5 25. cxd5 Bxe2 26. Qxe2
Qd7 27. Qd1 Rxc3 28. Rxf6 gxf6 29. Bb2 Rac8 30. Qe1 1-0

[Event "38th Olympiad w"]
[Site "Dresden GER"]
[Date "2008.11.16"]
[Round "4"]
[White "Stojanovic,Mari"]
[Black "Voiska,M"]
[Result "1/2-1/2"]
[WhiteElo "2199"]
[BlackElo "2318"]
[EventDate "2008.11.13"]

1. e4 c5 2. Nf3 Nc6 3. d4 cxd4 4. Nxd4 e5 5. Nb5 d6 6. N1c3 a6 7. Na3 Be7
8. Nd5 Nf6 9. Nxe7 Nxe7 10. Bd3 O-O 11. c4 Be6 12. O-O Rc8 13. Qe2 Nd7 14.
Be3 f5 15. exf5 Nxf5 16. Rad1 Nxe3 17. Qxe3 Qc7 18. f4 Qc5 19. Qxc5 Nxc5
20. fxe5 Nxd3 21. Rxf8+ Kxf8 22. Rxd3 dxe5 23. b3 Ke7 24. Kf2 Bf5 25. Rd2
Rc6 26. Ke3 Rh6 27. g3 Rd6 28. b4 Rxd2 29. Kxd2 Be6 30. Kd3 Bf5+ 31. Kc3 b6
32. Nc2 Kd6 33. Ne3 Be4 34. Kd2 h5 35. Nd1 Bf5 36. Ne3 Be4 37. Nd1 Bf5 38.
Ne3 1/2-1/2

[Event "38th Olympiad w"]
[Site "Dresden GER"]
[Date "2008.11.16"]
[Round "4"]
[White "Llaneza Vega,P"]
[Black "Bayrak,A"]
[Result "1-0"]
[WhiteElo "2246"]
[BlackElo "2005"]
[EventDate "2008.11.13"]

1. e4 e6 2. d4 d5 3. Nc3 Bb4 4. exd5 exd5 5. Bd3 Nf6 6. Nge2 Nbd7 7. Ng3
O-O 8. O-O Re8 9. Bf4 Bxc3 10. bxc3 c5 11. Re1 Rxe1+ 12. Qxe1 cxd4 13. cxd4
Qb6 14. Rb1 Qxd4 15. Rb4 Qc5 16. Nf5 Qf8 17. Bd6 Qe8 18. Ne7+ Kh8 19. Bxh7
Nf8 20. Bd3 Qd8 21. Qe5 Bg4 22. h3 Bh5 23. Rh4 1-0

[Event "38th Olympiad w"]
[Site "Dresden GER"]
[Date "2008.11.16"]
[Round "4"]
[White "Novkovic,J"]
[Black "Parveen,S"]
[Result "1/2-1/2"]
[WhiteElo "2161"]
[BlackElo "2079"]
[EventDate "2008.11.13"]

1. e4 e5 2. Bc4 Nf6 3. d3 Be7 4. Nf3 Nc6 5. O-O O-O 6. Re1 d6 7. c3 a6 8.
Bb3 Bg4 9. h3 Bd7 10. d4 h6 11. Nbd2 Nh7 12. Nc4 Bf6 13. Be3 Re8 14. dxe5
dxe5 15. Qe2 Qe7 16. Rad1 Be6 17. Bc1 Bxc4 18. Bxc4 Na5 19. Bd3 Red8 20. b4
Nc6 21. a4 Nf8 22. Qa2 Rd7 23. Ba3 Qe8 24. Bc4 Rxd1 25. Rxd1 Nd8 26. Bb3
Nde6 27. g3 Rd8 28. Qc2 Rxd1+ 29. Qxd1 Qd8 30. Qe2 Qd7 31. Bc1 a5 32. bxa5
Nc5 33. Bc2 Qxh3 34. Qb5 Nfd7 35. Be3 c6 36. Qb4 Be7 37. Qb1 Qe6 38. Nd2
Kh7 39. Kg2 g6 40. Qh1 h5 41. Bd1 Kg7 1/2-1/2

[Event "38th Olympiad w"]
[Site "Dresden GER"]
[Date "2008.11.16"]
[Round "4"]
[White "Parveen,T"]
[Black "Newrkla,K"]
[Result "1/2-1/2"]
[WhiteElo "2066"]
[BlackElo "2071"]
[EventDate "2008.11.13"]

1. e4 c5 2. c3 d5 3. exd5 Qxd5 4. d4 Nf6 5. Nf3 Bg4 6. Be2 e6 7. O-O Nc6 8.
Be3 cxd4 9. cxd4 Be7 10. Nc3 Qd6 11. h3 Bh5 12. Qb3 O-O 13. Rfd1 Rfd8 14.
Rac1 a6 15. a3 b5 16. Rd2 Na5 17. Qd1 Rac8 18. g4 Bg6 19. Ne5 Nd5 20. Nxd5
Qxd5 21. Rxc8 Rxc8 22. Nxg6 hxg6 23. Bf3 Qb3 24. d5 Qxd1+ 25. Rxd1 exd5 26.
Bxd5 Bf6 27. b3 Bb2 28. Bb6 Nc6 29. Bc5 a5 30. Rb1 Nd4 31. b4 axb4 32. axb4
Bc3 33. Kf1 Rd8 34. Be4 Ne6 35. Bb6 Rd6 36. Bc5 Rd8 37. Bb6 Rd6 38. Bc5 Rd8
39. Bd6 Rxd6 1/2-1/2

[Event "38th Olympiad w"]
[Site "Dresden GER"]
[Date "2008.11.16"]
[Round "4"]
[White "Winkelmann,E"]
[Black "Dembo,Y"]
[Result "0-1"]
[WhiteElo "2096"]
[BlackElo "2446"]
[EventDate "2008.11.13"]

1. d4 Nf6 2. c4 g6 3. Nc3 Bg7 4. e4 d6 5. f3 O-O 6. Be3 Nbd7 7. Nge2 a6 8.
Qd2 c5 9. d5 b5 10. cxb5 Ne5 11. Nc1 e6 12. dxe6 Bxe6 13. Be2 Nc4 14. Bxc4
Bxc4 15. bxa6 Re8 16. N1e2 d5 17. Bxc5 Qc8 18. Bd4 dxe4 19. O-O exf3 20.
Rxf3 Qxa6 21. Ng3 Rad8 22. Rd1 Ne4 23. Ncxe4 Rxd4 24. Qc2 Rxd1+ 25. Qxd1 f5
26. Qd7 Qb6+ 27. Kh1 Rd8 28. Qa4 Bd5 0-1

[Event "38th Olympiad w"]
[Site "Dresden GER"]
[Date "2008.11.16"]
[Round "4"]
[White "Botsari,A"]
[Black "Steinbacher,C"]
[Result "1-0"]
[WhiteElo "2308"]
[BlackElo "2203"]
[EventDate "2008.11.13"]

1. d4 Nf6 2. c4 e6 3. Nc3 Bb4 4. e3 O-O 5. Nge2 d5 6. a3 Be7 7. cxd5 exd5
8. b4 c6 9. Ng3 Bg4 10. f3 Be6 11. Bd3 Ne8 12. Qc2 g6 13. O-O f5 14. Nce2
Nd6 15. Bd2 Nd7 16. e4 fxe4 17. fxe4 dxe4 18. Nxe4 Rxf1+ 19. Rxf1 Nxe4 20.
Bxe4 Bf7 21. Bf4 Nf6 22. Bd3 Nd5 23. Bc4 Bf6 24. Qe4 Qd7 25. Be5 Bxe5 26.
dxe5 Re8 27. Nd4 Qe7 28. Re1 Be6 29. h3 Kg7 30. Nxe6+ Qxe6 31. b5 Qe7 32.
bxc6 bxc6 33. Qd4 Rd8 34. e6+ Nf6 35. Qe5 Qd6 36. Qxd6 Rxd6 37. Rb1 Nd5 38.
Rb7+ Kf6 39. Rxh7 Rxe6 40. Rxa7 Ke5 41. Ra6 Kd4 42. Bxd5 Kxd5 43. Kf2 Kc4
44. a4 Kd3 45. Kf3 Rf6+ 46. Kg3 Ke3 47. Rb6 Re6 48. a5 Kd4 49. a6 Kd5 50.
a7 Re3+ 51. Kf4 Ra3 52. Rb7 c5 53. Kg5 Ra6 54. g4 c4 55. Rc7 Kd4 56. h4 c3
57. h5 gxh5 58. gxh5 Kd3 59. h6 c2 60. Rxc2 1-0

[Event "38th Olympiad w"]
[Site "Dresden GER"]
[Date "2008.11.16"]
[Round "4"]
[White "Nakhbayeva,G"]
[Black "Silva,Na"]
[Result "1-0"]
[WhiteElo "2201"]
[BlackElo "2029"]
[EventDate "2008.11.13"]

1. d4 Nf6 2. c4 e6 3. Nc3 Bb4 4. Qc2 c5 5. dxc5 Na6 6. Nf3 Qa5 7. Bd2 O-O
8. e4 Bxc5 9. Nd5 Qd8 10. Nxf6+ Qxf6 11. a3 h6 12. e5 Qd8 13. b4 Be7 14. c5
b6 15. Qe4 Rb8 16. Bd3 f5 17. exf6 Bxf6 18. Qh7+ Kf7 19. Bxh6 Rg8 20. Qg6+
Kf8 21. Bf4 e5 22. Nxe5 Qe8 23. Qe4 1-0

[Event "38th Olympiad w"]
[Site "Dresden GER"]
[Date "2008.11.16"]
[Round "4"]
[White "De Leon,P"]
[Black "Rysbayeva,A"]
[Result "0-1"]
[WhiteElo "1748"]
[BlackElo "2180"]
[EventDate "2008.11.13"]

1. d4 d5 2. c4 c6 3. Nc3 Nf6 4. Nf3 dxc4 5. e3 b5 6. a4 Nd5 7. Bd2 e6 8.
axb5 Nxc3 9. Bxc3 cxb5 10. b3 b4 11. Bb2 c3 12. Bc1 Be7 13. Bd3 O-O 14. Be4
Nc6 15. Bxc6 Rb8 16. Be4 Qc7 17. Ne5 Rb6 18. Nc4 Ra6 19. Rxa6 Bxa6 20. Bd3
Bb7 21. O-O f5 22. Be2 a5 23. Qc2 Ra8 24. Bd3 Qc6 25. f3 Bf6 26. e4 Bxd4+
27. Kh1 g6 28. Bf4 Bg7 29. Ra1 Qc5 30. exf5 exf5 31. Bd6 Qd4 32. Rxa5 Rxa5
33. Nxa5 Qxd6 34. Nxb7 Qe7 35. Bc4+ Kf8 36. Qd1 c2 37. Qf1 Bb2 0-1

[Event "38th Olympiad w"]
[Site "Dresden GER"]
[Date "2008.11.16"]
[Round "4"]
[White "Saduakassova,D"]
[Black "Donatti,S"]
[Result "1-0"]
[WhiteElo "1863"]
[BlackElo "1678"]
[EventDate "2008.11.13"]

1. d4 Nf6 2. Nf3 g6 3. g3 Bg7 4. Bg2 d6 5. O-O O-O 6. c4 Nbd7 7. Nc3 e5 8.
Re1 Ne8 9. dxe5 Nxe5 10. Nxe5 Bxe5 11. Qb3 Bg7 12. Bf4 Nf6 13. Rad1 Qe7 14.
h3 Rb8 15. e4 Be6 16. Nd5 Qd7 17. Nxf6+ Bxf6 18. e5 Be7 19. exd6 Bxd6 20.
Qc3 Bxh3 21. Bh6 f6 22. Bxf8 Rxf8 23. Bxh3 Qxh3 24. Qf3 Bb4 25. Re4 c6 26.
a3 Bc5 27. b4 Bb6 28. Re7 Rf7 29. Rxf7 Kxf7 30. Qd3 Kg8 31. c5 Bc7 32. Qd7
Qh5 33. Qe8+ Kg7 34. Rd7+ Kh6 35. Qe3+ g5 36. Qe4 Qg6 37. Qh1+ 1-0

[Event "38th Olympiad w"]
[Site "Dresden GER"]
[Date "2008.11.16"]
[Round "4"]
[White "Klimets,E"]
[Black "Bernales,C"]
[Result "1-0"]
[WhiteElo "2129"]
[BlackElo "1998"]
[EventDate "2008.11.13"]

1. e4 e6 2. d4 d5 3. Nd2 Nf6 4. e5 Nfd7 5. Bd3 c5 6. c3 Nc6 7. Ne2 cxd4 8.
cxd4 f6 9. exf6 Qxf6 10. Nf3 Bd6 11. Bg5 Qf7 12. O-O h6 13. Qb1 Nf8 14. Bh4
g5 15. Bg3 Qc7 16. Bg6+ Kd8 17. Ne5 Bxe5 18. dxe5 Qg7 19. Bh5 Bd7 20. f4
Rc8 21. b4 Ne7 22. Nd4 Rc4 23. Qd3 Nc6 24. Nxc6+ Rxc6 25. Rac1 Rb6 26. Bf2
Ra6 27. b5 Rxa2 28. Qc3 Rxf2 29. Qc7+ Ke7 30. Qd6+ Kd8 31. Rxf2 Ng6 32.
Bxg6 1-0

[Event "38th Olympiad w"]
[Site "Dresden GER"]
[Date "2008.11.16"]
[Round "4"]
[White "Caoili,A"]
[Black "Zepeda,L"]
[Result "1-0"]
[WhiteElo "2170"]
[BlackElo "2159"]
[EventDate "2008.11.13"]

1. e4 c5 2. Nf3 d6 3. c3 Nf6 4. Bd3 g6 5. h3 Bg7 6. Bc2 e5 7. d4 exd4 8.
cxd4 O-O 9. Nc3 cxd4 10. Nxd4 d5 11. e5 Re8 12. f4 Nh5 13. O-O f6 14. Nxd5
fxe5 15. Nb5 Na6 16. f5 e4 17. Bb3 Kh8 18. f6 Bf8 19. f7 Re6 20. Qd4+ Ng7
21. Bh6 Bd7 22. Bxg7+ Bxg7 23. f8=Q+ Qxf8 24. Rxf8+ Rxf8 25. Qc4 Rc8 26.
Qe2 Nc5 27. Rc1 Nxb3 28. Rxc8+ Bxc8 29. axb3 a6 30. Nbc7 Re5 31. Ne3 Rc5
32. Qd2 Bf6 33. Qd6 1-0

[Event "38th Olympiad w"]
[Site "Dresden GER"]
[Date "2008.11.16"]
[Round "4"]
[White "Paridar,S"]
[Black "Yanjindulam,D"]
[Result "0-1"]
[WhiteElo "2248"]
[BlackElo "2286"]
[EventDate "2008.11.13"]

1. e4 c5 2. Nf3 d6 3. d4 cxd4 4. Nxd4 Nf6 5. Nc3 a6 6. h3 e5 7. Nde2 Be6 8.
g4 Nc6 9. Bg2 Rc8 10. Ng3 b5 11. a3 g6 12. O-O h5 13. g5 h4 14. Nge2 Nh7
15. f4 exf4 16. Nxf4 Nxg5 17. Ncd5 Bg7 18. Be3 O-O 19. Qe1 Nd4 20. Qd1 Bxd5
21. Nxd5 Nde6 22. c3 Rc4 23. Bb6 Qb8 24. Qe1 Re8 25. Qxh4 Qb7 26. Rad1 f5
27. Be3 Rxe4 28. Bxe4 Nxe4 29. Rf3 Qf7 30. Qe1 N6g5 31. Bxg5 Nxg5 32. Re3
Nf3+ 33. Rxf3 Rxe1+ 34. Rxe1 Qxd5 35. Rfe3 Be5 0-1

[Event "38th Olympiad w"]
[Site "Dresden GER"]
[Date "2008.11.16"]
[Round "4"]
[White "Gazola,V"]
[Black "Skinke,K"]
[Result "0-1"]
[WhiteElo "1973"]
[BlackElo "2186"]
[EventDate "2008.11.13"]

1. d4 Nf6 2. c4 g6 3. Nc3 Bg7 4. e4 d6 5. Be2 O-O 6. Bg5 c5 7. d5 a6 8. a4
e6 9. Nf3 h6 10. Be3 Re8 11. h3 exd5 12. exd5 Bf5 13. O-O Ne4 14. Nxe4 Bxe4
15. Bd3 Nd7 16. Bxe4 Rxe4 17. Qc2 Re8 18. Rae1 f5 19. Bf4 Qf6 20. Qb3 b6
21. Bd2 Qf7 22. Bf4 Qf6 23. Bd2 g5 24. Bc3 Qf7 25. Qc2 Bxc3 26. Qxc3 Qf6
27. Qxf6 Nxf6 28. Nd2 Kf7 29. f3 Rab8 30. Rxe8 Rxe8 31. Kf2 Re7 32. Re1 Nd7
33. Rxe7+ Kxe7 34. b3 Kf6 35. g3 Ke5 36. Ke3 f4+ 37. Kf2 fxg3+ 38. Kxg3 Nf6
39. f4+ gxf4+ 40. Kf3 Kf5 41. Ke2 Ne4 42. Nf3 Ng5 43. Ng1 Ke4 44. h4 Nf7
45. Kf2 Ne5 46. Ne2 Nd3+ 47. Kf1 Kf3 48. h5 Ke3 49. Nc3 Nc1 50. Nd1+ Kf3
51. b4 Nb3 52. bxc5 bxc5 53. Ke1 Nd4 54. Kd2 Kg2 55. Kd3 f3 56. Ke3 a5 57.
Nf2 Nc2+ 58. Kf4 Kxf2 59. Kf5 Kg3 60. Ke6 f2 61. Kxd6 f1=Q 62. Kxc5 Na3 0-1

[Event "38th Olympiad w"]
[Site "Dresden GER"]
[Date "2008.11.16"]
[Round "4"]
[White "Golubenko,Valen"]
[Black "Lyons,K"]
[Result "1-0"]
[WhiteElo "2273"]
[BlackElo "1840"]
[EventDate "2008.11.13"]

1. d4 d5 2. c4 c6 3. Nf3 f5 4. g3 Nf6 5. Bg2 e6 6. O-O Bd6 7. b3 Nbd7 8.
Ba3 Bb8 9. Qc2 Ne4 10. Nfd2 Qg5 11. Nxe4 fxe4 12. f3 Nf6 13. cxd5 exd5 14.
Nd2 e3 15. f4 Qh5 16. Qc5 Kf7 17. Qe7+ Kg6 18. f5+ Bxf5 19. Nf3 Bc8 20.
Nh4+ Kh6 21. Rxf6+ 1-0